| 000 | 00621nam a22001937a 4500 | ||
|---|---|---|---|
| 005 | 20241029122331.0 | ||
| 010 | _aENG-142526 | ||
| 020 |
_a9788184621884 _c1095.00 |
||
| 035 | _aEN-126058 | ||
| 037 | _bDBAD | ||
| 082 | _a306 | ||
| 100 |
_aFazalboy, Moorad _973619 |
||
| 245 |
_aA Pathway To Infinity/ _cMoorad Fazalbhoy |
||
| 250 | _aFirst | ||
| 260 |
_aMumbai _bVakils, Feffer and Simons Pvt. Ltd _c2022 |
||
| 270 |
_aIndustry Manor, Appasaheb Marathe Marg, Prabhadevi _bMumbai _e400025 |
||
| 300 |
_a372p. _c23cm(hbk) |
||
| 942 |
_2ddc _cEN _h306 _mFAZ _e2022 |
||
| 999 |
_c206848 _d206848 |
||